=LDR 00000nam 2200000 4500 =001 INLIS000000000810189 =005 20251108105153 =035 ##$$a 0010-1125000043 =007 ta =008 251108###########################0###### =020 ##$$a 9786027869745 =082 ##$$a 297.14 =084 ##$$a 297.14 MAF k =245 ##$$a Kaidah Fiqih : $b Menjawab problematika sepanjang jaman ( Uraian lengkap alqowaid alfiqhiyah disertai dengan contoh contoh yang aktual ) /$c Ust. Muhammad Maftuhin Ar-Raudli =250 ##$$a Cet. 1 =260 ##$$a Yogyakarta : :$b Gava media